[Event "GER Seniors Derby 08th"]
[Site "Wesel Undeloh"]
[Date "2009.04.19"]
[Round "7.19"]
[White "Hesse, Klaus Dieter"]
[Black "Theissen, Bernhard"]
[Result "1-0"]
[WhiteElo "1633"]
[BlackElo "1530"]
[PlyCount "71"]
[EventDate "2009.04.16"]
[EventType "swiss"]
[EventRounds "7"]
[EventCountry "GER"]
[SourceTitle "EXT 2022"]
[Source "ChessBase"]
[SourceDate "2021.10.06"]
[SourceVersion "1"]
[SourceVersionDate "2021.10.06"]
[SourceQuality "1"]

1. e4 c5 2. c3 e6 3. d4 d5 4. e5 Nc6 5. Nf3 Nge7 6. a3 Ng6 7. b4 cxb4 8. cxb4 a6 9. Bd3 Qb6 10. 0-0 Be7 11. Nc3 0-0 12. Be3 Bd7 13. Qe2 f6 14. Bxg6 hxg6 15. Rfd1 Qc7 16. Rac1 g5 17. Na4 g4 18. Nh4 f5 19. Ng6 Rf7 20. h3 Kh7 21. Nxe7 Rxe7 22. hxg4 fxg4 23. Qxg4 Rh8 24. Nc5 Be8 25. Nxe6 Qb8 26. Rxc6 Kg8 27. Rc3 Bh5 28. Qg5 Rxe6 29. Rdc1 Re8 30. Rc7 Rh7 31. g4 Bf7 32. f4 g6 33. f5 Rg7 34. f6 Rh7 35. e6 Bxe6 36. Qxg6+ 1-0

[Event "GER Seniors Derby 08th"]
[Site "Wesel Undeloh"]
[Date "2009.04.18"]
[Round "6.22"]
[White "Theissen, Bernhard"]
[Black "Mack, Friedemann"]
[Result "1-0"]
[WhiteElo "1530"]
[BlackElo "1300"]
[PlyCount "21"]
[EventDate "2009.04.16"]
[EventType "swiss"]
[EventRounds "7"]
[EventCountry "GER"]
[SourceTitle "EXT 2022"]
[Source "ChessBase"]
[SourceDate "2021.10.06"]
[SourceVersion "1"]
[SourceVersionDate "2021.10.06"]
[SourceQuality "1"]

1. e4 e5 2. d4 exd4 3. c3 dxc3 4. Bc4 Qe7 5. Nxc3 Nf6 6. Qc2 c6 7. Nge2 d5 8. exd5 Nxd5 9. Bxd5 cxd5 10. Nxd5 Qe5 11. Qxc8# 1-0

[Event "GER Seniors Derby 08th"]
[Site "Wesel Undeloh"]
[Date "2009.04.16"]
[Round "1.11"]
[White "Krotofil, Kurt"]
[Black "Theissen, Bernhard"]
[Result "1-0"]
[WhiteElo "1836"]
[BlackElo "1530"]
[PlyCount "41"]
[EventDate "2009.04.16"]
[EventType "swiss"]
[EventRounds "7"]
[EventCountry "GER"]
[SourceTitle "EXT 2022"]
[Source "ChessBase"]
[SourceDate "2021.10.06"]
[SourceVersion "1"]
[SourceVersionDate "2021.10.06"]
[SourceQuality "1"]

1. d4 Nf6 2. c4 e5 3. dxe5 Ng4 4. Bf4 Nc6 5. Nf3 Bc5 6. e3 Qe7 7. Nc3 Bb4 8. Qc2 Ngxe5 9. Nxe5 Nxe5 10. Be2 0-0 11. 0-0 Bxc3 12. Qxc3 d6 13. c5 Ng6 14. cxd6 cxd6 15. Bg3 Bf5 16. Rfd1 Ne5 17. Qa3 Rfd8 18. Rd5 Qc7 19. Rad1 Nc4 20. Bxc4 Qxc4 21. Rxf5 1-0

[Event "Ruhrgebiet VK3 0405"]
[Site "Ruhrgebiet"]
[Date "2005.03.13"]
[Round "8.7"]
[White "Theissen, Bernhard"]
[Black "Scheibe, Werner"]
[Result "0-1"]
[WhiteElo "1596"]
[BlackElo "1883"]
[PlyCount "52"]
[EventDate "2004.09.12"]
[EventType "team"]
[EventRounds "9"]
[EventCountry "GER"]
[SourceTitle "EXT 2006"]
[Source "ChessBase"]
[SourceDate "2005.11.24"]
[SourceVersion "1"]
[SourceVersionDate "2005.11.24"]
[SourceQuality "1"]
[WhiteTeam "Ahlen II"]
[BlackTeam "Herne Sodingen II"]
[WhiteTeamCountry "GER"]
[BlackTeamCountry "GER"]

1. e4 e6 2. b3 d5 3. exd5 exd5 4. Bb2 Nf6 5. Nf3 Bd6 6. c4 0-0 7. Nc3 Re8+ 8. Be2 dxc4 9. bxc4 c6 10. 0-0 Nbd7 11. d4 Nf8 12. c5 Bc7 13. Bc4 Be6 14. Qb3 b5 15. Bxe6 Nxe6 16. Rad1 Nf4 17. Ne5 Re6 18. g3 N4d5 19. f4 Ne3 20. f5 Nxd1 21. fxe6 Qxd4+ 22. Kh1 Ne3 23. exf7+ Kf8 24. Nxc6 Qd2 25. Rg1 Nfg4 26. Ne2 Nf2# 0-1

[Event "Ruhrgebiet VK3 0405"]
[Site "Ruhrgebiet"]
[Date "2005.01.09"]
[Round "5.6"]
[White "Sieberg, Klaus"]
[Black "Theissen, Bernhard"]
[Result "1-0"]
[WhiteElo "1831"]
[BlackElo "1596"]
[PlyCount "63"]
[EventDate "2004.09.12"]
[EventType "team"]
[EventRounds "9"]
[EventCountry "GER"]
[SourceTitle "EXT 2006"]
[Source "ChessBase"]
[SourceDate "2005.11.24"]
[SourceVersion "1"]
[SourceVersionDate "2005.11.24"]
[SourceQuality "1"]
[WhiteTeam "Witten"]
[BlackTeam "Ahlen II"]
[WhiteTeamCountry "GER"]
[BlackTeamCountry "GER"]

1. e4 c5 2. Nf3 e6 3. c3 d5 4. exd5 exd5 5. d4 c4 6. Be2 Nf6 7. b3 b5 8. a4 Qa5 9. b4 Qb6 10. axb5 Qxb5 11. Ra5 Qb6 12. Ne5 Be6 13. Qa4+ Nbd7 14. Ra6 Qb7 15. Bf3 Be7 16. Nxc4 0-0 17. Bf4 Rfc8 18. b5 Ne4 19. Na5 Nb6 20. Nxb7 Nxa4 21. Rxa4 Nxc3 22. Nxc3 Rxc3 23. 0-0 Rb3 24. Nc5 Rxb5 25. Nxe6 fxe6 26. Ra6 Bf6 27. Be5 Bxe5 28. dxe5 Kf7 29. Bg4 Rb6 30. Rfa1 Rab8 31. Rxa7+ Kg6 32. g3 1-0